Κατάλογος Βιβλιοθηκών Mediterranean College

Διαχείριση Εφοδιαστικής Αλυσίδας και Πληροφορία στην Ελλάδα: Ποιός είναι ο Ρόλος της Πληροφορίας σε μια Εφοδιαστική Αλυσίδα και πώς επηρέαζει την Απόδοση της/Independent Study (Record no. 8602)

MARC details
000 -LEADER
fixed length control field 01729cam a22001934a 4500
005 - ΗΜΕΡΟΜΗΝΙΑ ΚΑΙ ΩΡΑ ΤΕΛΕΥΤΑΙΑΣ ΕΝΗΜΕΡΩΣΗΣ
Πεδίο ελέγχου 20250605164341.0
008 - FIXED-LENGTH DATA ELEMENTS--GENERAL INFORMATION
Πεδίο ελέγχου σταθερού μήκους 250528s ||||||||||||||||||||||||d
035 ## - SYSTEM CONTROL NUMBER
System control number 23602
040 ## - ΠΗΓΗ ΚΑΤΑΛΟΓΟΓΡΑΦΗΣΗΣ
Φορέας πρωτότυπης καταλογογράφησης MC Athens Campus Library
Γλώσσα καταλογογράφησης Ελληνικά, Μοντέρνα (1453-)
Modifying agency MC Athens Campus Library
Κανόνες περιγραφικής καταλογογράφησης AACR2
245 1# - ΤΙΤΛΟΣ ΚΑΙ ΔΗΛΩΣΗ ΥΠΕΥΘΥΝΟΤΗΤΑΣ
Τίτλος Διαχείριση Εφοδιαστικής Αλυσίδας και Πληροφορία στην Ελλάδα: Ποιός είναι ο Ρόλος της Πληροφορίας σε μια Εφοδιαστική Αλυσίδα και πώς επηρέαζει την Απόδοση της/Independent Study
260 ## - PUBLICATION, DISTRIBUTION, ETC.
Date of publication, distribution, etc. 2018
300 ## - PHYSICAL DESCRIPTION
Extent 98
520 ## - SUMMARY, ETC.
Summary, etc. Εισαγωγή, Βιβλιογραφική Ανασκόπηση, Ορισμός και Βασικά Χαρακτηριστικά Εφοδιαστικής Αλυσίδας, Διοίκηση Εφοδιαστικής Αλυσίδας, Τα Logistics ως Τμήμα της Διοίκησης της Εφοδιαστικής Αλυσίδας, Third Party Logistics, Ιστορική Εξέλιξη, Η Κατάσταση στην Ελλάδα σήμερα, Information Technology, Τεχνολογίες Αναγνώρισης και Κτήσης Δεδομένων (POD & Track&Trace), Μεθοδολογία Έρευνας, Μέθοδοι Συλλογής Στοιχείων, Όρια και Ηθικά Ζητήματα και Περιορισμοί, ΑνάλυσηΠροβλήματα και Εμπόδια και Ανάγκες που Προέκυψαν κατά την Χρήση των Συστημάτων Track and Trace και Proof of Delivery, Βιβλιογραφία.
700 1# - ΠΡΟΣΘΕΤΗ ΑΝΑΓΡΑΦΗ--ΦΥΣΙΚΟ ΠΡΟΣΩΠΟ
Personal name Λιανός Πάρης
9 (RLIN) 9190
700 1# - ΠΡΟΣΘΕΤΗ ΑΝΑΓΡΑΦΗ--ΦΥΣΙΚΟ ΠΡΟΣΩΠΟ
Personal name Πετράκης Θωμάς
9 (RLIN) 9192
942 ## - ADDED ENTRY ELEMENTS (KOHA)
Koha item type Διπλωματική εργασία
Holdings
Τύπος τεκμηρίου Βιβλιοθήκη Τρέχουσα τοποθεσία Barcode Ημερομηνία απόκτησης Ταξιθετικό σύμβολο Αριθμός αντιτύπου Κατάσταση απόσυρσης Κατάσταση χαμένου Κατάσταση κατεστραμμένου Μη δανεισμός Σύνολο δανεισμών Ημερομηνία τελευταίας εμφάνισης Η τιμή ισχύει από
Διπλωματική εργασία MC Athens Campus Library MC Athens Campus Library 9780000086013 05/06/2025 BUS 2018 (7) 1           05/06/2025 05/06/2025

MC Athens Campus Library
Πατησίων 94 & Κοδριγκτώνος 13, 104 34
Πελλήνης 8 & Πατησίων 107, 112 51
Τ: +30 210 8899600

MC Thessaloniki Campus Library
Ίωνος Δραγούμη 21, 54625 | Ίωνος Δραγούμη 15, 54625
Τ: +30 2310 287779 – Τ: +30 2314 440300